| 000 | 00959nam0a22002411 4500 | ||
|---|---|---|---|
| 001 | rc\751939 | ||
| 005 | 20260406214126.0 | ||
| 035 | _a(NLR Aleph) 006280329 | ||
| 090 |
_a7042661 _c7042661 |
||
| 100 | _a20040301d1985 |||y0rusy50 ca | ||
| 101 | 0 | _arus | |
| 102 | _aRU | ||
| 105 | _ay ||||||||| | ||
| 200 | 1 |
_aСписок действительных членов Всесоюзного общества почвоведов _e[По состоянию на 1 янв. 1982 г.] _eИнформ. материал _fАН СССР, ..., Ин-т почвоведения и фотосинтеза |
|
| 210 |
_aПущино _cНауч. центр биол. исслед. АН СССР _d1985 |
||
| 215 |
_a268 с. _d22 |
||
| 710 | 0 | 2 |
_aВсесоюзное общество почвоведов _3RU\NLR\AUTH\889971841 _9440237 |
| 801 | 0 |
_aRU _bNLR _gpsbo |
|
| 801 | 1 |
_aRU _bELAR _2rusmarc |
|
| 852 |
_aNLR _bС _jК-2/3183 |
||
| 942 | _cBOOK | ||
| 980 | _aNB | ||